| 000 | 00907cam a2200229 i 4500 | ||
|---|---|---|---|
| 005 | 20260203110753.0 | ||
| 008 | 250721s2005 jo gr 000 0 ara d | ||
| 020 | _a995707430X | ||
| 082 | 1 | 4 |
_a371.14 _bم ح م |
| 100 | 1 |
_aمحمد، مصطفى عبد السميع _eمؤلف. |
|
| 245 | 1 | 0 |
_aإعداد المعلم : _bتنميته وتدريبه / _cتأليف الاستاذ الدكتور مصطفى عبد السميع محمد، الدكتورة سهير محمد حوالة. |
| 250 | _aالطبعة الأولى. | ||
| 264 | 1 |
_aعمان : _bدار الفكر النشر و التوزيع، _c2005. |
|
| 300 | _a344 صفحة. | ||
| 650 | 1 | 7 | _aالتعليم. |
| 650 | 1 | 7 | _aالمعلمون. |
| 650 | 1 | 7 | _aتدريب المدرسين. |
| 650 | 1 | 7 | _aالمدرسون. |
| 700 | 1 |
_aحوالة، سهير محمد _eمؤلف. |
|
| 942 |
_2ddc _cBK |
||
| 999 |
_c98470 _d98470 |
||